1405 1005 1358 1156 1553 1326 1939 1244 1198 1099 1196 1185 1474 1927 1796 1617 1676 1952 1172 1543 1174 1036 1453 1867 1484 1205 1235 1459 1718 1240 1697 1714 1480 1408 1773 1378 1821 1060 1696 1927 1893 1861 1522 1837 1706 1754 1935 1776 1132 1067 1135 1854 1861 1230 1841 1738 1288 1861 1919 1051 1775 1027 1272 1124 1988 1311 1638 1078 1077 1055 1466 1652 1391 1566 1210 1936 1421 1694 1766 1098 1009 1877 1573 1145 1264 1570 1994 1485 1733 1696 1669 1928 1593 1784 1439 1113 1291 1095 1945 BCNSPRNW ULIB Ver.6.0+V

เปลี่ยนเป็นภาษาไทย

Change to English
 แสดงรายละเอียดบรรณานุกรม
  กลับหน้าหลัก

Brief Record : Get Marc (ISO 2709) : E-mail record : QR code < ปิดหน้าต่าง
LEADER : 00000nam a2200000 a 4500
001    13399114534
003     ULIB
008    041123s2011 us a 000 0 eng d
020    ^a9780826118288
060 04 ^aWY150^bH927f
100 1  ^aHumphreys, Janice
245 10 ^aFamily violence and nursing practice /^cJanice Humphreys, Jacquelyn C. Campbell
250    ^a2nd ed.
260    ^aPhiladelphia :^bLippincott,^cc2011
300    ^axvi, 447 p. :^bill. ;^c24 cm.
500    ^aSend to Single Search
650  2 ^aChild Abuse^xnurses instruction
650  2 ^aElder Abuse^xnurses instruction
650  2 ^aFamily^xnurses instruction
650  2 ^aNursing Care
650  2 ^aViolence
700 1  ^aCampbell, Jacquelyn C.
945    ^p0^l0^i031636
995    ^a Kesorn
999 ^a ใช้งานได้ทุกระบบ
รายการนี้ยังไม่มีแท็ก
คุณยังไม่ได้ล็อกอิน คุณสามารถมีกิจกรรมร่วมกับเว็บไซต์ได้ แต่ต้องล็อกอินก่อน ::
  ล็อกอิน

รายการสื่อสารสนเทศ

ลำดับที่ ประเภท เลขเรียก/บาร์โค้ด สถานที่ สถานะ
- ไม่พบข้อมูล -

รายการใกล้เคียง
    หัวเรื่อง [Nursing Care]

BibComment


ยังไม่เคยถูกคอมเมนท์

คอมเมนท์ทรัพยากรรายการนี้
  คอมเมนท์: Family violence ..


 Copyright 2026. Bcnsprnw @Library